| 000 | 03007cam a22001934a 4500 | ||
|---|---|---|---|
| 005 | 20250605164028.0 | ||
| 008 | 250528s ||||||||||||||||||||||||d | ||
| 035 | _a16529 | ||
| 040 |
_aGR-AtMCL _bgre _dGR-AtMCL _eAACR2 |
||
| 245 | 1 | _aΤουριστική Γεωγραφία της Ελλάδας / Ανάλυση του Τουριστικού Φαινομένου, Τουριστική Επιστήμη, Ο Ελλαδικός Χώρος και οι Τουριστικές του Δυνατότητες, Τουριστική Διαίρεση της Ελλάδας, Τουριστική Δυνατότητα του Ελλαδικού Χώρου, Τουριστικά Διαμερίματα και Περιφέρειες. | |
| 260 |
_bΘεόδωρου Π. Τυροβολά, _c1977 |
||
| 300 | _a160 | ||
| 505 | 0 | _aΠρόλογος, Εισαγωγή, Το Φαινόμενο του Τουρισμού, Η Τουριστική Ανάπτυξη, Τουριστική Γεωγραφία της Ελλάδας, Ο Ελλαδικός Χώρος και οι Τουριστικές του Δυνατότητες, Τουριστική Διαίρεση της Ελλάδας και Κατανομή της Τουριστικής Δυναμικότητας του Ελλαδικού Γεωγραφικού Χώρου, Τουριστική Διαίρεση της Ελλάδας, Η Τουριστική Δυναμικότητα του Ελλαδικού Χώρου, Τουριστικό Διαμέρισμα Βορείου Ελλάδος, Τουριστικό Διαμέρισμα Δυτικής και Νοτιοδυτικής Ελλάδας, Τουριστικό Διαμέρισμα Νότιας Ηπειρωτικής Ελλάδας, Τουριστικό Διαμέρισμα Αιγαίου, Τουριστικό Διαμέρισμα Κρήτης. | |
| 520 | _aΠρόλογος, Εισαγωγή, Το Φαινόμενο του Τουρισμού, Η Τουριστική Ανάπτυξη, Τουριστική Γεωγραφία της Ελλάδας, Ο Ελλαδικός Χώρος και οι Τουριστικές του Δυνατότητες, Τουριστική Διαίρεση της Ελλάδας και Κατανομή της Τουριστικής Δυναμικότητας του Ελλαδικού Γεωγραφικού Χώρου, Τουριστική Διαίρεση της Ελλάδας, Η Τουριστική Δυναμικότητα του Ελλαδικού Χώρου, Τουριστικό Διαμέρισμα Βορείου Ελλάδος, Τουριστικό Διαμέρισμα Δυτικής και Νοτιοδυτικής Ελλάδας, Τουριστικό Διαμέρισμα Νότιας Ηπειρωτικής Ελλάδας, Τουριστικό Διαμέρισμα Αιγαίου, Τουριστικό Διαμέρισμα Κρήτης. | ||
| 700 | 1 |
_aΠετρόπουλος Αλεξάνδρος Ι _92627 |
|
| 942 | _cBK | ||
| 999 |
_c2022 _d2022 |
||